000 00808nam a2200313 i 4500
003 DO-SdBNP
005 20250826081712.0
007 ta
008 250826s190? dr a 000 0 spa d
040 _aDO-SdBNP
_bspa
_cBNPHU
_erda
041 _asp
082 _axxx
_bP699
_222
100 _987663
245 1 _aPlan de seguro médico :
_cguia práctica
264 1 _aSanto Domingo :
_bIntercontinental de Seguros,
_c[fecha no identificada]
300 _a156 páginas ;
_c21 cm.
336 _atexto
_btxt
_2rdacontent
337 _asin mediación
_bn
_2rdamedia
338 _avolumen
_bnc
_2rdacarrier
590 _aInventariado, 2025/ DG
700 _935836
700 _987665
700 _987666
700 _987667
700 _987668
700 _987669
910 _aDG
942 _2ddc
_cLBS1
999 _c59817
_d59817